00424nam a2200145Ia 4500003000400000040000800004082001800012100001700030245005400047260003200101300001400133942001100147952010300158999001700261LDD cLDD a327.54047 N42 aBondar, Oleg 0aNew Theme on Russian- Indian AffairscOleg Bondar aNew DelhibRianovostic2008 aVol. vii. 2ddccG 00102ddc4070912613aLDDbLDDd2018-11-01l0o327.54047 N42pG012648r2018-11-01w2018-11-01yG c12614d12614